Geometría 2 /
Guardado en:
| Autor Principal: | |
|---|---|
| Otros Autores: | |
| Formato: | Libro |
| Publicado: |
Buenos Aires :
Kapelusz,
1967
|
| Edición: | 17a. ed. |
| Materias: | |
| Etiquetas: |
Agregar Etiqueta
Sin Etiquetas, Sea el primero en etiquetar este registro!
|
| LEADER | 01036nam a22002535a 4500 | ||
|---|---|---|---|
| 001 | CEM.cems005354 | ||
| 008 | 130507s1967##################000#0#####d | ||
| 005 | 20241210112713.0 | ||
| 245 | 1 | 0 | |a Geometría 2 / |
| 250 | |a 17a. ed. | ||
| 260 | |a Buenos Aires : |b Kapelusz, |c 1967 | ||
| 300 | |a 186 p. | ||
| 505 | 0 | |a Paralelogramos; Paralelogramos especiales; Trapecios y trapezoides; Circunferencia y circulo; Poligonos equivalentes; Superficies y areas; Cantidades proporciónales; Segmentos proporciónales; Triangulos semejantes; Poligonos regulares; Médici,ón de figuras circulares | |
| 100 | 1 | |a Repetto, Celina H. | |
| 700 | 1 | |a Linskens, Marcela | |
| 082 | 0 | 4 | |a 513 |
| 653 | |a Contradominio | ||
| 653 | |a Dominio | ||
| 653 | |a Geometria 2do. año | ||
| 653 | |a Matematica | ||
| 653 | |a Paralelogramos | ||
| 859 | |a CEMS |b BIB. CEMS - 11 de abril |h 513 |i R299a17 |p 1110.73 |t Ej.1 |v II |3 II | ||
| 859 | |a CEMS |b BIB. CEMS - 11 de abril |h 513 |i R299a17 |p 5165.76 |t Ej.2 |v II |3 II | ||
| 859 | |a CEMS |b BIB. CEMS - 11 de abril |h 513 |i R299a17 |p 5166.76 |t Ej.3 |v II |3 II | ||
